Statistics for World War 2 Terms and Phrases

Click here to take the quiz!

General Stats

  • This quiz has been taken 40 times
  • The average score is 12 of 15

Answer Stats

QuestionAnswer% Correct
PanzerA German tank
100%
KamikazeJapanese suicide attacks on allied ships
100%
Final SolutionNazi term for extermination of European Jews
100%
Manhattan ProjectProgram to develop Atomic Bomb
100%
BlitzkriegLightning War
95%
B-24U.S. bomber
92%
Operation SealionGermany's planned invasion of the British Isles
87%
Maginot LineSystem of forts/fortifications along the French/German border
87%
AppeasementAll of the Above
84%
Enigma MachineEncryption device used by Germany
71%
The Winter WarRussian-Finnish War
71%
ETOThe abbreviation for the "European Theater of Operations"
71%
Pact of SteelA treaty signed by Germany and Italy
47%
Operation UnthinkableCode name of war plans by Western Allies against the Soviet Union
45%
Yalta ConferenceWartime meeting with Allied leaders outlining the future United Nations.
21%

Score Distribution

Percentile by Number Answered

Percent of People with Each Score

Your Score History

You have not taken this quiz